000 01009cam a2200229 i 4500
005 20251210112714.0
008 250721s1988 le gr 000 0 ara d
082 1 4 _a216.24
_bت ي م
100 1 _aإبن تيميه، تقي الدين أبي العباس بن عبد الحليم
_d-728 ه،
_eمؤلف.
245 1 0 _aفقه الزكاة والصيام /
_cلشيخ الإسلام الإمام تقي الدين أبي العباس أحمد بن عبد الحليم بن تيمية ؛ تهذيب وضبط وتعليق الدكتور السيد الجميلي.
250 _aالطبعة الأولى.
264 3 1 _aبيروت :
_bدار الفكر العربي للطباعة والنشر،
_c1988.
300 _a256 صفحة.
490 0 _aموسوعة فقه السنه
650 1 7 _aالفقه الإسلامي.
650 1 7 _aفقه السنة.
650 1 7 _aالإسلام.
650 1 7 _aالصوم.
650 1 7 _aالزكاة.
942 _2ddc
_cBK
999 _c97662
_d97662